000 01711nam a2200397 a 4500
001 ebr10391764
003 CaPaEBR
006 m u
007 cr cn|||||||||
008 100305s2009 stk sb 001 0 eng
010 _z 2010362011
020 _z9780748639694
020 _z0748639691
020 _z9780748642090 (e-book)
040 _aCaPaEBR
_cCaPaEBR
035 _a(OCoLC)649907880
050 1 4 _aDS36.8
_b.C43 2009eb
082 0 4 _a305.697
_222
245 0 4 _aThe challenge of pluralism
_h[electronic resource] :
_bparadigms from Muslim contexts /
_cedited by Abdou Filali-Ansary and Sikeena Karmali Ahmed.
260 _aEdinburgh :
_bEdinburgh University Press in association with the Aga Khan University, Insititute for the Study of Muslim Civilisations,
_cc2009.
300 _a122 p.
490 1 _aExploring Muslim contexts
504 _aIncludes bibliographical references and index.
505 0 _apt. 1. The heritage : historical contexts -- pt. 2. Contemporary thought.
533 _aElectronic reproduction.
_bPalo Alto, Calif. :
_cebrary,
_d2013.
_nAvailable via World Wide Web.
_nAccess may be limited to ebrary affiliated libraries.
650 0 _aCultural pluralism in Islam.
650 0 _aIslamic civilization.
650 0 _aMuslims
_xSocial conditions.
655 7 _aElectronic books.
_2local
700 1 _aFilali-Ansary, Abdou.
700 1 _aAhmed, Sikeena Karmali.
710 2 _aAga Khan University.
_bInstitute for the Study of Muslim Civilisations.
710 2 _aebrary, Inc.
830 0 _aExploring Muslim contexts.
856 4 0 _uhttp://site.ebrary.com/lib/rucke/Doc?id=10391764
_zAn electronic book accessible through the World Wide Web; click to view
999 _c191566
_d191566